Middle School History - Statistics

General Stats
  • This quiz has been taken 55 times
  • The average score is 7 of 17
Answer Stats
Hint Answer % Correct
Euphrates
83%
Two main rivers of Mesopotamia Tigris
81%
Body of water that froze over creating a land bridge between North Americaand Asia, supposedly how the Paleolithic people traveled to the Americas Bering Starait
58%
Word describing a religion with multiple gods Polytheism
58%
King of Babylon known for his creation of the first set of laws Hammurabi
57%
Two big crops grown in the Neolithic Middle East, India, and Nile Valley Wheat
57%
Three scripts written on the Rosetta Stone Greek
51%
Persian king known for the conquering of Mesopotamia King Cyrus
40%
Hieroglyphic
34%
One of the biggest trading partners of the Ancient Egyptians, one notabletrading item was an expensive purple dye Phoenicia
32%
Barley
30%
Current place where the Rosetta Stone is stored British Museum
25%
Female pharaoh of Egypt's New Kingdom that preferred to trade rather thancreate war with foreign nations Hatshepsut
23%
A natural mummy discovered in the Alps by hikers, also known as the Iceman Ötzi
19%
UNESCO world heritage site and Neolithic civilization in modern day Turkey,the prehistoric mound settlements were abandoned before the Bronze Age Çatalhöyük
8%
Demotic
8%
Small boat used in fur-trading North America, specially designed to be docked in shallow waters and light-weight so it can be dragged upon shore with ease. Mackinaw Boat
4%
No matching quizzes found
Score Distribution
Percent of People with Each Score
Percentile by Number Answered
Your Score History
You have not taken this quiz